[Event "RUS-ch Silent"]
[Site "Zelenograd"]
[Date "2019.04.08"]
[Round "6"]
[White "Ivanov, Nikolay A"]
[Black "Maslov, Andrey"]
[Result "0-1"]
[WhiteElo "1854"]
[BlackElo "1944"]
[PlyCount "78"]
[EventDate "2019.04.03"]
[EventType "swiss"]
[EventRounds "11"]
[EventCountry "RUS"]
[SourceTitle "CBM 190 Extra"]
[Source "ChessBase"]
[SourceDate "2019.07.15"]
[SourceVersion "1"]
[SourceVersionDate "2019.07.15"]
[SourceQuality "1"]

1. c4 e6 2. Nf3 c5 3. g3 b6 4. Bg2 Bb7 5. 0-0 Nf6 6. Nc3 Be7 7. Re1 d6 8. e4 e5 9. d3 Nc6 10. Nh4 Nd4 11. f4 Nd7 12. Nf3 f6 13. Nd5 Nf8 14. Rf1 Nfe6 15. fxe5 dxe5 16. Nxd4 Nxd4 17. Qa4+ Bc6 18. Qd1 Bxd5 19. exd5 Qd6 20. Qh5+ g6 21. Qh6 Bf8 22. Qh4 Bg7 23. Bd2 0-0 24. Rae1 Rae8 25. g4 Rf7 26. Bc3 Ref8 27. Bxd4 cxd4 28. a3 a5 29. Rb1 Rb8 30. b4 Ra7 31. c5 Qd8 32. d6 axb4 33. axb4 Ra3 34. Be4 Rc3 35. Rfc1 bxc5 36. bxc5 Rxb1 37. Rxb1 Rxc5 38. Ra1 Rc8 39. Ra6 Qd7 0-1

[Event "RUS-ch Silent"]
[Site "Zelenograd"]
[Date "2018.10.28"]
[Round "4"]
[White "Maslov, Andrey"]
[Black "Solovey, Vjacheslav"]
[Result "1/2-1/2"]
[WhiteElo "1986"]
[BlackElo "1683"]
[PlyCount "67"]
[EventDate "2018.10.25"]
[EventType "swiss"]
[EventRounds "11"]
[EventCountry "RUS"]
[SourceTitle "EXT 2020"]
[Source "ChessBase"]
[SourceDate "2019.10.17"]
[SourceVersion "1"]
[SourceVersionDate "2019.10.17"]
[SourceQuality "1"]

1. e4 e6 2. c3 d5 3. e5 c5 4. Bb5+ Bd7 5. Bxd7+ Qxd7 6. d4 Nc6 7. Ne2 cxd4 8. cxd4 Bb4+ 9. Bd2 Bxd2+ 10. Qxd2 Nge7 11. Na3 a6 12. 0-0 0-0 13. f4 Qc7 14. Rac1 Qb6 15. b3 Rac8 16. Nc2 Qa5 17. Qxa5 Nxa5 18. Ne3 Rxc1 19. Rxc1 Rc8 20. Rxc8+ Nxc8 21. Kf2 Kf8 22. Nc2 Nc6 23. Ke3 Ke7 24. g4 g6 25. Ng3 f5 26. gxf5 exf5 27. Ne2 Ke6 28. Ng1 N8a7 29. Nf3 h6 30. h4 Nb5 31. Kd3 Ne7 32. h5 gxh5 33. Nh4 a5 34. a3 1/2-1/2

[Event "RUS-ch Silent"]
[Site "Zelenograd"]
[Date "2018.10.27"]
[Round "3"]
[White "Sokolov, Yury A"]
[Black "Maslov, Andrey"]
[Result "1/2-1/2"]
[WhiteElo "1796"]
[BlackElo "1986"]
[PlyCount "64"]
[EventDate "2018.10.25"]
[EventType "swiss"]
[EventRounds "11"]
[EventCountry "RUS"]
[SourceTitle "EXT 2020"]
[Source "ChessBase"]
[SourceDate "2019.10.17"]
[SourceVersion "1"]
[SourceVersionDate "2019.10.17"]
[SourceQuality "1"]

1. e4 e5 2. Nf3 Nc6 3. Bb5 d6 4. 0-0 Bd7 5. c3 Nf6 6. Re1 Be7 7. d4 exd4 8. cxd4 0-0 9. a3 a6 10. Ba4 b5 11. Bc2 Bg4 12. Be3 Re8 13. Nc3 h6 14. Qd2 Bf8 15. Kh1 Qd7 16. Ng1 Na5 17. f3 Nc4 18. Qe2 Nxe3 19. Qxe3 Bh5 20. Qf2 Bg6 21. Nge2 Kh8 22. Ng3 d5 23. e5 Bxc2 24. Qxc2 Ng8 25. f4 Ne7 26. Rac1 Rac8 27. Qd3 Nc6 28. Nce2 Na5 29. Rc2 Nc4 30. Nf1 c6 31. Ne3 a5 32. Nxc4 bxc4 1/2-1/2

[Event "RUS-ch Silent"]
[Site "Zelenograd"]
[Date "2017.09.27"]
[Round "11"]
[White "Grashin, Mikhail"]
[Black "Maslov, Andrey"]
[Result "0-1"]
[WhiteElo "1570"]
[BlackElo "2046"]
[PlyCount "56"]
[EventDate "2017.09.19"]
[EventType "swiss"]
[EventRounds "11"]
[EventCountry "RUS"]
[SourceTitle "EXT 2019"]
[Source "ChessBase"]
[SourceDate "2018.10.10"]
[SourceVersion "1"]
[SourceVersionDate "2018.10.10"]
[SourceQuality "1"]

1. e4 e5 2. Nf3 Nc6 3. d4 exd4 4. Nxd4 Qh4 5. Nc3 Bb4 6. Qd3 Bxc3+ 7. bxc3 a6 8. Be2 Ne5 9. Qe3 d6 10. Qf4 Qxf4 11. Bxf4 Ne7 12. Bxe5 dxe5 13. Nf3 Nc6 14. Bc4 f6 15. 0-0 Ke7 16. Rfd1 Bg4 17. h3 Bxf3 18. gxf3 Rad8 19. Kg2 Na5 20. Bb3 Rd6 21. Rxd6 cxd6 22. Rd1 Rc8 23. Rd3 Nc4 24. Kg3 Nb2 25. Rd2 Rxc3 26. Kg4 g6 27. f4 h5+ 28. Kh4 exf4 0-1

[Event "RUS-ch Silent"]
[Site "Zelenograd"]
[Date "2017.09.20"]
[Round "2"]
[White "Antipin, Alexander"]
[Black "Maslov, Andrey"]
[Result "1/2-1/2"]
[WhiteElo "1853"]
[BlackElo "2046"]
[PlyCount "150"]
[EventDate "2017.09.19"]
[EventType "swiss"]
[EventRounds "11"]
[EventCountry "RUS"]
[SourceTitle "EXT 2019"]
[Source "ChessBase"]
[SourceDate "2018.10.10"]
[SourceVersion "1"]
[SourceVersionDate "2018.10.10"]
[SourceQuality "1"]

1. e4 e5 2. Nf3 Nc6 3. d4 exd4 4. Bc4 Bb4+ 5. c3 dxc3 6. Nxc3 Bxc3+ 7. bxc3 Qe7 8. 0-0 d6 9. Qb3 Kf8 10. e5 Na5 11. exd6 cxd6 12. Qb5 Nxc4 13. Qxc4 Nf6 14. Re1 Be6 15. Qh4 Nd7 16. Bg5 f6 17. Bc1 Nc5 18. Nd4 Qd7 19. Nxe6+ Nxe6 20. Ba3 Nc5 21. Bxc5 dxc5 22. Rad1 Qc6 23. Qc4 Re8 24. Re3 Rxe3 25. fxe3 Ke7 26. e4 Rc8 27. Rd5 b5 28. Qd3 Rc7 29. e5 c4 30. Qd4 a6 31. Rd6 Qc5 32. Rd7+ Ke6 33. Rd6+ Kf5 34. g4+ Kg5 35. exf6 Qxd4+ 36. Rxd4 gxf6 37. h3 Rc6 38. a3 Re6 39. Kf2 Kh4 40. Rd5 Kxh3 41. Kf3 Re5 42. Rd4 Kh4 43. Rd6 Kg5 44. Rxa6 Rd5 45. a4 bxa4 46. Rxa4 Rd3+ 47. Ke2 Rxc3 48. Kd2 Rg3 49. Rxc4 Rxg4 50. Rc8 h5 51. Ke3 f5 52. Kf3 Ra4 53. Rg8+ Kf6 54. Rf8+ Ke6 55. Re8+ Kf7 56. Rh8 h4 57. Rb8 Rg4 58. Rh8 Kg7 59. Rh5 Kg6 60. Rh8 Kg7 61. Rh5 Kf6 62. Rh8 Ke5 63. Re8+ Kd4 64. Rf8 Rg5 65. Rh8 Rg4 66. Rf8 Ke5 67. Re8+ Kf6 68. Rf8+ Ke6 69. Re8+ Kf7 70. Rh8 Rc4 71. Rb8 Rc3+ 72. Kf4 h3 73. Kxf5 Kg7 74. Rb2 Rg3 75. Rh2 Kh6 1/2-1/2

[Event "Moscow-ch Silent"]
[Site "Moscow"]
[Date "2017.08.17"]
[Round "3"]
[White "Beketov, Viktor"]
[Black "Maslov, Andrey"]
[Result "0-1"]
[WhiteElo "1993"]
[BlackElo "2042"]
[PlyCount "120"]
[EventDate "2017.08.15"]
[EventType "tourn"]
[EventRounds "11"]
[EventCountry "RUS"]
[SourceTitle "EXT 2022"]
[Source "ChessBase"]
[SourceDate "2021.10.06"]
[SourceVersion "1"]
[SourceVersionDate "2021.10.06"]
[SourceQuality "1"]

1. e4 e5 2. Nf3 Nc6 3. Bc4 Be7 4. 0-0 Nf6 5. d3 0-0 6. Nc3 d6 7. h3 Na5 8. Bb3 Nxb3 9. axb3 Bd7 10. Be3 a6 11. g4 h5 12. Nh2 hxg4 13. hxg4 Qc8 14. f3 Be6 15. Bg5 Re8 16. Bxf6 Bxf6 17. Rf2 Bg5 18. Qe2 c6 19. Nd1 Qc7 20. c4 Qb6 21. Ra3 Bh4 22. Qe3 Qxe3 23. Nxe3 Bxf2+ 24. Kxf2 g6 25. Ra1 Kg7 26. Rg1 Rh8 27. Rg2 Rh3 28. Kg1 Rah8 29. Nef1 f6 30. Ne3 Kf7 31. b4 b5 32. b3 Ke7 33. Ra2 Bc8 34. Rc2 Kd7 35. Rf2 Ke6 36. Nhf1 Bb7 37. Kg2 R3h7 38. Ra2 Ra8 39. Nd2 Rah8 40. Ndf1 Kd7 41. Rc2 Ra8 42. Ra2 Kc7 43. Rc2 Kb6 44. c5+ dxc5 45. bxc5+ Kc7 46. b4 Rd8 47. Rc3 Rhd7 48. Nc2 Rxd3 49. Rxd3 Rxd3 50. Nfe3 Bc8 51. Kf2 Be6 52. Ke2 Rd7 53. Na3 Rd4 54. Nac2 Bc4+ 55. Ke1 Rd3 56. Nxc4 bxc4 57. Ke2 Rb3 58. f4 exf4 59. Nd4 Re3+ 60. Kf2 Rxe4 0-1

[Event "Zelenograd-ch"]
[Site "Zelenograd"]
[Date "2016.09.23"]
[Round "9"]
[White "Tubakin, Leonid"]
[Black "Maslov, Andrey"]
[Result "1/2-1/2"]
[WhiteElo "1981"]
[BlackElo "2063"]
[PlyCount "59"]
[EventDate "2016.09.19"]
[EventType "swiss"]
[EventRounds "11"]
[EventCountry "RUS"]
[SourceTitle "EXT 2017"]
[Source "ChessBase"]
[SourceDate "2016.10.25"]
[SourceVersion "1"]
[SourceVersionDate "2016.10.25"]
[SourceQuality "1"]

1. Nf3 c5 2. e3 Nf6 3. d4 e6 4. c4 Be7 5. Nc3 0-0 6. Bd3 b6 7. d5 d6 8. e4 e5 9. h3 Na6 10. a3 Nc7 11. 0-0 a6 12. a4 Bd7 13. Qe2 Nfe8 14. Nh2 g5 15. Qh5 Ng7 16. Qe2 Qc8 17. g4 f6 18. f3 h5 19. Rf2 Kf7 20. Nf1 Rh8 21. Rh2 hxg4 22. hxg4 Rxh2 23. Qxh2 a5 24. Be3 Na6 25. Re1 Nb4 26. Bb1 Qh8 27. Qxh8 Rxh8 28. Kg2 Ne8 29. Ng3 Ng7 30. b3 1/2-1/2

[Event "Zelenograd-ch"]
[Site "Zelenograd"]
[Date "2016.09.22"]
[Round "7"]
[White "Kudriavtsev, Yury"]
[Black "Maslov, Andrey"]
[Result "1/2-1/2"]
[WhiteElo "1845"]
[BlackElo "2063"]
[PlyCount "137"]
[EventDate "2016.09.19"]
[EventType "swiss"]
[EventRounds "11"]
[EventCountry "RUS"]
[SourceTitle "EXT 2017"]
[Source "ChessBase"]
[SourceDate "2016.10.25"]
[SourceVersion "1"]
[SourceVersionDate "2016.10.25"]
[SourceQuality "1"]

1. d4 Nf6 2. Bg5 e6 3. e3 Be7 4. Nf3 h6 5. Bxf6 gxf6 6. c4 b6 7. Nc3 Bb7 8. Be2 d6 9. Qc2 f5 10. a3 Nd7 11. b4 Nf6 12. h3 Rg8 13. g3 Ne4 14. Rh2 Qd7 15. Nd2 Nxc3 16. Qxc3 Bf6 17. Qc2 c5 18. Nb3 Qa4 19. Ra2 cxb4 20. axb4 Qxb4+ 21. Kf1 a5 22. Nd2 a4 23. Rb2 Qa5 24. Qb1 Bd8 25. c5 dxc5 26. Nc4 Qa7 27. Nd6+ Ke7 28. Nxb7 Qxb7 29. dxc5 a3 30. Rd2 a2 31. Rxa2 Rxa2 32. Qxa2 bxc5 33. Ba6 Qc6 34. Qc4 Ba5 35. Bb5 Qb6 36. Qh4+ f6 37. Be2 Qb1+ 38. Kg2 Qe4+ 39. Qxe4 fxe4 40. Rh1 Rd8 41. Ra1 Bc3 42. Ra7+ Rd7 43. Ra8 f5 44. Rg8 Kf7 45. Rc8 Bb4 46. Rh8 Rd2 47. Kf1 Rc2 48. Rxh6 c4 49. Rh7+ Kf6 50. Rc7 Rc1+ 51. Kg2 c3 52. Bb5 Bd6 53. Rc6 Ke5 54. Ba4 Kd5 55. Rc8 Be5 56. h4 Rb1 57. h5 Rb4 58. Bc2 Rb7 59. Ba4 Kd6 60. Rc6+ Ke7 61. Rc8 Kf7 62. Rc6 Rb4 63. Bc2 Ke7 64. Bd1 Kd7 65. Ra6 Rb8 66. Ba4+ Ke7 67. Rc6 Rb4 68. Bc2 Kd7 69. Ra6 1/2-1/2

[Event "Zelenograd-ch"]
[Site "Zelenograd"]
[Date "2016.09.20"]
[Round "4"]
[White "Maslov, Andrey"]
[Black "Shajakhmetov, Ildar"]
[Result "0-1"]
[WhiteElo "2063"]
[BlackElo "1785"]
[PlyCount "128"]
[EventDate "2016.09.19"]
[EventType "swiss"]
[EventRounds "11"]
[EventCountry "RUS"]
[SourceTitle "EXT 2017"]
[Source "ChessBase"]
[SourceDate "2016.10.25"]
[SourceVersion "1"]
[SourceVersionDate "2016.10.25"]
[SourceQuality "1"]

1. e4 g6 2. f4 d6 3. Nf3 Bg7 4. d4 Nd7 5. Be3 a6 6. Nc3 b5 7. Bd3 Bb7 8. 0-0 Nh6 9. h3 f6 10. Qd2 Nf7 11. Ne2 c5 12. c3 0-0 13. g4 e5 14. fxe5 fxe5 15. d5 h6 16. Ng3 Nf6 17. Nh2 Nh7 18. Rf2 Qh4 19. Nh1 Nfg5 20. Rxf8+ Rxf8 21. Bf2 Nxh3+ 22. Kg2 Nxf2 23. Nxf2 Bc8 24. Rh1 Qe7 25. Nf3 Rf4 26. Kg3 Ng5 27. Nh4 Qf7 28. Qe3 Bf8 29. Rh2 Be7 30. Be2 Kg7 31. Nf3 Nxf3 32. Bxf3 g5 33. Nd3 Rf6 34. b3 Bd8 35. c4 Ba5 36. Rc2 Bd7 37. Rc1 Bd2 38. Qe2 Bxc1 39. Nxc1 Qf8 40. Nd3 Qb8 41. Qc2 bxc4 42. bxc4 Rf7 43. Nc1 Qb4 44. Nd3 Qb6 45. Kg2 Bc8 46. Bd1 Qd8 47. Qe2 Qf8 48. Ba4 Bd7 49. Bd1 Qe7 50. Qb2 Qf6 51. Qf2 Qd8 52. Qb2 Qc8 53. Nf2 Rf4 54. Kg3 Qf8 55. Nd3 Rf1 56. Qe2 Rf7 57. Nf2 Qb8 58. Qc2 Qb4 59. Nd3 Qb8 60. Bf3 Bc8 61. Qd2 Qb1 62. Bd1 Rf1 63. Nf2 Rxf2 64. Qxf2 Qxd1 0-1

[Event "RUS-ch Silent"]
[Site "Zelenograd"]
[Date "2015.06.08"]
[Round "9"]
[White "Maslov, Andrey"]
[Black "Rylov, Vjacheslav"]
[Result "1-0"]
[WhiteElo "2118"]
[BlackElo "1970"]
[PlyCount "105"]
[EventDate "2015.06.02"]
[EventType "swiss"]
[EventRounds "11"]
[EventCountry "RUS"]
[SourceTitle "EXT 2018"]
[Source "ChessBase"]
[SourceDate "2017.10.13"]
[SourceVersion "1"]
[SourceVersionDate "2017.10.13"]
[SourceQuality "1"]

1. e4 c5 2. Nf3 d6 3. d4 cxd4 4. Nxd4 a6 5. Be3 Nf6 6. Nd2 Qc7 7. c3 Nc6 8. Be2 e6 9. 0-0 d5 10. Bf3 dxe4 11. Nxe4 Be7 12. Nxf6+ Bxf6 13. Nxc6 bxc6 14. Qa4 Bb7 15. Bc5 Be7 16. Bxe7 Kxe7 17. Qb4+ Ke8 18. Rfd1 Rb8 19. Qc5 f6 20. Rd6 Kf7 21. Re1 Rhe8 22. Qh5+ Kg8 23. Rdxe6 Rxe6 24. Rxe6 Qd7 25. Re1 g6 26. Qc5 Rd8 27. g3 Re8 28. Rd1 Qf7 29. b3 Kg7 30. c4 h5 31. Qd6 Re6 32. Qd7 Re7 33. Qd4 Qe8 34. Kg2 g5 35. h3 Re6 36. Qd7+ Qf7 37. Qxf7+ Kxf7 38. Rd7+ Re7 39. Bxh5+ Kf8 40. Rd8+ Kg7 41. c5 f5 42. Bf3 Kf6 43. Rd6+ Re6 44. Rxe6+ Kxe6 45. b4 Ke5 46. Be2 Bc8 47. Kf3 Be6 48. a3 Bc8 49. h4 gxh4 50. gxh4 f4 51. Bd3 a5 52. h5 axb4 53. axb4 1-0

[Event "RUS-ch Silent"]
[Site "Zelenograd "]
[Date "2014.09.23"]
[Round "6"]
[White "Malyuga, Valentin"]
[Black "Maslov, Andrey"]
[Result "0-1"]
[WhiteElo "2129"]
[BlackElo "2185"]
[PlyCount "74"]
[EventDate "2014.09.19"]
[EventType "swiss"]
[EventRounds "11"]
[EventCountry "RUS"]
[SourceTitle "EXT 2015"]
[Source "ChessBase"]
[SourceDate "2014.11.20"]
[SourceVersion "1"]
[SourceVersionDate "2014.11.20"]
[SourceQuality "1"]

1. b3 c5 2. Bb2 d5 3. e3 Nc6 4. Nf3 Bg4 5. Be2 Bxf3 6. Bxf3 e5 7. d3 f5 8. c4 d4 9. 0-0 Nf6 10. Bxc6+ bxc6 11. exd4 cxd4 12. Qf3 Qd7 13. Re1 e4 14. Nd2 Bb4 15. Rad1 0-0-0 16. Qh3 c5 17. Re2 Rhe8 18. Nf1 f4 19. Qh4 Qf5 20. dxe4 Rxe4 21. Rxe4 Qxe4 22. Qh3+ Rd7 23. Qd3 g5 24. f3 Qxd3 25. Rxd3 Re7 26. a3 Be1 27. Bc1 Re2 28. Bd2 Bf2+ 29. Kh1 Nd7 30. Ba5 Be3 31. h4 Ne5 32. Rd1 gxh4 33. Be1 Rb2 34. Bxh4 Rxb3 35. Be7 d3 36. Bg5 Nxc4 37. Nxe3 fxe3 0-1

[Event "RUS-ch Silent"]
[Site "Zelenograd "]
[Date "2014.09.20"]
[Round "3"]
[White "Maslov, Andrey"]
[Black "Skorobogatykh, Andrey"]
[Result "0-1"]
[WhiteElo "2185"]
[BlackElo "2054"]
[PlyCount "80"]
[EventDate "2014.09.19"]
[EventType "swiss"]
[EventRounds "11"]
[EventCountry "RUS"]
[SourceTitle "EXT 2015"]
[Source "ChessBase"]
[SourceDate "2014.11.20"]
[SourceVersion "1"]
[SourceVersionDate "2014.11.20"]
[SourceQuality "1"]

1. e4 c5 2. Nf3 a6 3. d4 cxd4 4. Nxd4 Nf6 5. Bd3 e5 6. Ne2 Bc5 7. 0-0 0-0 8. Nbc3 d6 9. Bg5 Be6 10. h3 Nbd7 11. Qc1 Qc7 12. Ng3 b5 13. a3 Rac8 14. Be3 d5 15. exd5 Nxd5 16. Nxd5 Bxd5 17. c3 Qb7 18. f3 Qa7 19. Re1 Bxe3+ 20. Qxe3 Qxe3+ 21. Rxe3 g6 22. Rd1 Bb3 23. Rd2 Rcd8 24. Bc2 Bxc2 25. Rxc2 f6 26. c4 bxc4 27. Rxc4 Nb6 28. Rc6 Nd5 29. Rd3 Nf4 30. Rxd8 Rxd8 31. Rc2 a5 32. Ne2 Rd1+ 33. Kf2 Nd3+ 34. Ke3 Ne1 35. Rc1 Nxg2+ 36. Kf2 Rd2 37. b4 axb4 38. axb4 Nf4 39. Re1 Rb2 40. Ke3 Ng2+ 0-1

[Event "RUS-ch Silent"]
[Site "Zelenograd "]
[Date "2014.09.19"]
[Round "1"]
[White "Maslov, Andrey"]
[Black "Antipin, Alexander"]
[Result "1/2-1/2"]
[WhiteElo "2185"]
[BlackElo "1812"]
[PlyCount "88"]
[EventDate "2014.09.19"]
[EventType "swiss"]
[EventRounds "11"]
[EventCountry "RUS"]
[SourceTitle "EXT 2015"]
[Source "ChessBase"]
[SourceDate "2014.11.20"]
[SourceVersion "1"]
[SourceVersionDate "2014.11.20"]
[SourceQuality "1"]

1. e4 e5 2. Nf3 Nf6 3. Nc3 Nc6 4. Bb5 Nd4 5. Ba4 Bc5 6. d3 Nxf3+ 7. Qxf3 c6 8. Bg5 Be7 9. 0-0-0 0-0 10. h3 b5 11. Bb3 a5 12. a4 b4 13. Ne2 c5 14. g4 d6 15. Ng3 Be6 16. Nf5 Rc8 17. Nxe7+ Qxe7 18. Kb1 Bxb3 19. cxb3 Qe6 20. Bxf6 Qxf6 21. Qxf6 gxf6 22. f4 Rfd8 23. Rhg1 d5 24. g5 Kg7 25. gxf6+ Kxf6 26. fxe5+ Kxe5 27. Rg5+ Ke6 28. exd5+ Rxd5 29. Re1+ Kd6 30. Rxd5+ Kxd5 31. Re7 Rf8 32. Ra7 h5 33. Rxa5 f5 34. Ra7 f4 35. Re7 f3 36. Re1 f2 37. Rf1 Kd4 38. Kc2 Ke3 39. Kd1 Kxd3 40. a5 Ke3 41. a6 Ra8 42. h4 Rxa6 43. Rh1 Ra1+ 44. Kc2 Rxh1 1/2-1/2

[Event "Satka Governor Cup"]
[Site "Satka"]
[Date "2011.08.21"]
[Round "9"]
[White "Maslov, Andrey"]
[Black "Nikiforova, Anna"]
[Result "0-1"]
[WhiteElo "2185"]
[BlackElo "1772"]
[PlyCount "38"]
[EventDate "2011.08.16"]
[EventType "swiss"]
[EventRounds "9"]
[EventCountry "RUS"]
[SourceTitle "CBM 144 Extra"]
[Source "ChessBase"]
[SourceDate "2011.10.28"]
[SourceVersion "1"]
[SourceVersionDate "2011.10.28"]
[SourceQuality "1"]

1. e4 c5 2. Nc3 g6 3. g3 Bg7 4. Nge2 Nc6 5. Bg2 d6 6. 0-0 Nf6 7. d3 0-0 8. h3 Bd7 9. Be3 a6 10. Qd2 Re8 11. f4 b5 12. e5 b4 13. Nd1 dxe5 14. fxe5 Nxe5 15. Bxa8 Qxa8 16. Kh2 Nf3+ 17. Rxf3 Qxf3 18. Bxc5 Bc6 19. Ne3 Bh6 0-1

[Event "Satka Governor Cup"]
[Site "Satka"]
[Date "2011.08.16"]
[Round "1"]
[White "Maslov, Andrey"]
[Black "Cuhendi, Sean Winshand"]
[Result "0-1"]
[WhiteElo "2185"]
[BlackElo "1945"]
[PlyCount "72"]
[EventDate "2011.08.16"]
[EventType "swiss"]
[EventRounds "9"]
[EventCountry "RUS"]
[SourceTitle "CBM 144 Extra"]
[Source "ChessBase"]
[SourceDate "2011.10.28"]
[SourceVersion "1"]
[SourceVersionDate "2011.10.28"]
[SourceQuality "1"]

1. e4 c5 2. Nc3 Nc6 3. g3 g6 4. Bg2 Bg7 5. Nge2 e6 6. 0-0 Nge7 7. d3 0-0 8. Be3 Nd4 9. Bxd4 cxd4 10. Na4 d6 11. b3 b5 12. Nb2 Bb7 13. Qd2 Qc7 14. Rac1 Rfc8 15. Qb4 Rab8 16. Qxb5 Bh6 17. f4 Bxe4 18. Qc4 Bxg2 19. Qxc7 Rxc7 20. Kxg2 Nf5 21. Nc4 d5 22. g4 dxc4 23. gxf5 cxd3 24. cxd3 Rxc1 25. Rxc1 exf5 26. Kf3 Bg7 27. Rc7 Re8 28. Rxa7 Re3+ 29. Kf2 Rxd3 30. Ra8+ Bf8 31. Rd8 Kg7 32. Rb8 Be7 33. a4 Bh4+ 34. Kg2 Rd2 35. Kf3 d3 36. Nc1 Rf2+ 0-1

[Event "Moscow Silent Winter"]
[Site "Moscow"]
[Date "2006.12.10"]
[Round "8"]
[White "Maslov, Andrey"]
[Black "Serbin, Andrey"]
[Result "1/2-1/2"]
[WhiteElo "2495"]
[BlackElo "2537"]
[PlyCount "38"]
[EventDate "2006.12.03"]
[EventType "tourn"]
[EventRounds "10"]
[EventCountry "RUS"]
[SourceTitle "EXT 2008"]
[Source "ChessBase"]
[SourceDate "2007.11.25"]
[SourceVersion "1"]
[SourceVersionDate "2007.11.25"]
[SourceQuality "1"]

1. e4 c5 2. Nf3 d6 3. d4 cxd4 4. Nxd4 Nf6 5. Nc3 Nc6 6. f3 e5 7. Nb3 Be7 8. Be3 Be6 9. Qd2 d5 10. exd5 Nxd5 11. Nxd5 Qxd5 12. Qxd5 Bxd5 13. 0-0-0 0-0-0 14. Bb5 a6 15. Bd3 Nb4 16. Bb6 Nxd3+ 17. Rxd3 Rd7 18. Rhd1 Bc6 19. Rxd7 Bxd7 1/2-1/2

[Event "Moscow Silent Winter"]
[Site "Moscow"]
[Date "2006.12.09"]
[Round "7"]
[White "Tikhonov, Anatoly"]
[Black "Maslov, Andrey"]
[Result "0-1"]
[WhiteElo "2168"]
[BlackElo "2299"]
[PlyCount "64"]
[EventDate "2006.12.03"]
[EventType "tourn"]
[EventRounds "10"]
[EventCountry "RUS"]
[SourceTitle "EXT 2008"]
[Source "ChessBase"]
[SourceDate "2007.11.25"]
[SourceVersion "1"]
[SourceVersionDate "2007.11.25"]
[SourceQuality "1"]

1. c4 Nf6 2. Nc3 d5 3. cxd5 Nxd5 4. g3 g6 5. Bg2 Nb6 6. Nf3 Bg7 7. 0-0 0-0 8. d3 Nc6 9. Be3 h6 10. Nd2 e5 11. Nb3 Nd4 12. Rc1 c6 13. Bxd4 exd4 14. Ne4 Nd5 15. a3 f5 16. Ned2 f4 17. Nc5 Qe7 18. b4 Nc3 19. Qb3+ Kh7 20. Kh1 fxg3 21. fxg3 Bg4 22. Nce4 Bxe2 23. Rxf8 Rxf8 24. Qc2 Bh5 25. Nxc3 dxc3 26. Ne4 a5 27. bxa5 Qxa3 28. Rb1 Rf7 29. h4 Be5 30. Kh2 Bg4 31. Bh3 Bxh3 32. Kxh3 Qxa5 0-1